| 000 | 00419nam a2200193Ia 4500 | ||
|---|---|---|---|
| 005 | 20250603145222.0 | ||
| 008 | 250603s9999 xx 000 0 und d | ||
| 020 | _a97812920205 | ||
| 050 | _aQA 76.73 .J38 .L48/ | ||
| 100 | _aLewis, John | ||
| 245 | 0 | _aJava foundations | |
| 250 | _a3rd ed. | ||
| 260 | _aBoston | ||
| 260 | _bPearson | ||
| 260 | _c2014 | ||
| 300 | _a1105 p | ||
| 650 | _aBoston | ||
| 942 | _cBK | ||
| 999 |
_c41220 _d41220 |
||